000 00277nam a22001217a 4500
008 180306b xxu||||| |||| 00| 0 eng d
041 _aeng
080 _a004
100 _a28
101 _aSHK
245 _aCapture, create and share digital movies
_cGateway
942 _2udc
_cBK
999 _c44149
_d44149